[Event "HokkaidoChessCh2023"]
[Site "?"]
[Date "2023.03.25"]
[Round "2.2"]
[White "Akai, Kiyotaka"]
[Black "Kawamura, Takuto"]
[Result "0-1"]
[WhiteElo "1705"]
[BlackElo "1554"]
[Annotator "Fritz 11 SE (30s)"]
[PlyCount "71"]
[SourceDate "2023.03.26"]

{E32: Nimzo-Indian: Classical (4 Qc2): 4...0-0} 1. d4 Nf6 2. c4 e6 3. Nc3 Bb4
4. Qc2 O-O 5. e4 Bxc3+ 6. bxc3 d6 7. Bd3 e5 8. Ne2 h6 (8... c5 9. f3 (9. O-O
Nc6 10. d5 Na5 11. Ng3 Re8 12. f4 exf4 13. Bxf4 Ng4 14. Be2 Ne5 15. Qc1 f6 16.
Nh5 Re7 17. h3 Bd7 18. g4 Be8 19. Ng3 Bg6 20. g5 Naxc4 21. gxf6 gxf6 22. Bh6 b5
23. a4 bxa4 {Krejci,J (2518)-Dolezal,R (2344) Ostrava 2014 1-0 (36)}) 9... b6
10. d5 Ne8 11. h4 Nd7 12. g4 Rb8 13. a4 a6 14. Ng3 Kh8 15. Rb1 Rg8 16. Kf2 Nf8
17. Be3 Bd7 18. Rb2 Ng6 19. Qd2 a5 20. h5 Nf4 21. Bxf4 exf4 22. Qxf4 Qe7 23. g5
{Ivanisevic,I (2555)-Ricardi,P (2532) Dos Hermanas 2003 1-0 (53)}) 9. O-O Nc6
10. f4 b6 $146 (10... exd4 11. Ng3 Ng4 12. h3 Ne3 13. Bxe3 dxe3 14. Rae1 f6 15.
Rxe3 Be6 16. Qe2 Qd7 17. Nh5 Kh8 18. Rff3 f5 19. Rg3 Rf7 20. Rg6 fxe4 21. Bxe4
Bf5 22. Bxf5 Qxf5 23. Ree6 Raf8 24. Kh2 Nd8 25. g4 {Alvarez Pedraza,A (2551)
-Becking,S (2415) Torredembarra 2011 1/2-1/2 (34)}) 11. fxe5 dxe5 12. Ba3 {
[%cal Yc4c5] White plans c5} Re8 13. d5 {White threatens to win material: d5xc6
} Na5 14. c5 Nb7 (14... c6 15. Ng3 $14) 15. Bb5 $16 Rf8 16. Bc6 bxc5 17. Rab1
Rb8 18. Bxb7 Bxb7 (18... Rxb7 $5 19. Rxb7 Bxb7 20. Bxc5 Re8 $14) 19. Bxc5 Ba6
20. Bxf8 Rxb1 21. Rxb1 (21. Qxb1 $6 Qxf8 22. Re1 Qc5+ 23. Kh1 Qf2 $14) 21...
Qxf8 22. Ng3 Qc5+ $2 (22... Ng4 $142 23. Rb2 Qe7 $18) 23. Qf2 $18 Qxc3 (23...
Qd6 {does not win a prize} 24. Qxa7 g6 25. Rb4 $18) 24. h3 (24. Rb8+ {and
White can already relax} Kh7 25. Qf5+ g6 26. Qxf6 Qd4+ 27. Qf2 Qa1+ 28. Nf1 Kg7
$18) 24... Kf8 $4 {terrible, but the game is lost in any case} (24... Nd7 $18)
25. Rb8+ Ke7 26. Nf5+ (26. Kh2 $142 {might be the shorter path} g6 27. Qxa7 Nd7
$18) 26... Kd7 27. Ng3 (27. Kh2 $142 $5 {keeps an even firmer grip} Qc1 28. Ng3
h5 29. Nxh5 Qh6 30. Qf5+ Kd6 31. Rd8+ Ke7 32. Nxf6 Qf4+ 33. Qxf4 exf4 34. Rd7+
Kxf6 35. Rxc7 Bb5 $18) 27... Qd4 $4 {hands over the advantage to the opponent}
(27... Ke7 28. Kh2 g6 29. Qxa7 Nd7 $18) 28. Qxd4 (28. Rf8 $5 {seems even better
} Bd3 29. Rxf7+ Kd8 30. Qxd4 exd4 31. Rxg7 Nxe4 32. Nxe4 Bxe4 $18) 28... exd4
29. Rb4 d3 30. Kf2 g6 (30... c5 31. dxc6+ Kxc6 32. Rd4 $18) 31. Ke3 Kd6 $2 (
31... Kc8 $18) 32. Ra4 Bb5 33. Rxa7 Nd7 34. Ra5 (34. a4 {keeps an even firmer
grip} Bc4 35. Nf1 c6 $18) 34... Bc4 (34... c6 35. a4 Bc4 36. Nf1 cxd5 37. Kd4
$18) 35. Ra8 (35. Nf1 $142 {might be the shorter path} c6 $18) 35... Ne5 36.
Ra5 0-1

[Event "HokkaidoChessCh2023"]
[Site "?"]
[Date "2023.03.25"]
[Round "2.3"]
[White "Furuse, Mizuki"]
[Black "Kanda, Daigo"]
[Result "0-1"]
[WhiteElo "922"]
[BlackElo "1705"]
[Annotator "Fritz 11 SE (30s)"]
[PlyCount "144"]
[SourceDate "2023.03.26"]

{B15: Caro-Kann: 3 Nc3: 3...g6 and 3...dxe4 4 Nxe4 Nf6 5 Nxf6+ exf6} 1. e4 c6
2. d4 d5 3. Nc3 dxe4 4. Nxe4 Nf6 5. Nxf6+ exf6 6. c3 Bd6 7. Nf3 O-O 8. Be2 Re8
9. O-O Nd7 10. Re1 Nf8 11. Be3 Be6 $146 (11... Bf5 12. Qd2 Qc7 13. g3 Be4 14.
Qd1 Qd7 15. Nd2 Bf5 16. Bf3 Re7 17. Nc4 Bc7 18. Bd2 Rxe1+ 19. Qxe1 Re8 20. Qf1
Bh3 21. Bg2 Bxg2 22. Qxg2 h5 23. Re1 Rxe1+ 24. Bxe1 Qe6 25. Qf1 b5 26. Ne3 {
Lagumina,G (2311)-Antonio,R (2521) Dos Hermanas 2004 1/2-1/2 (48)}) 12. Qc2 Qd7
13. Rad1 Rad8 14. Bd3 Bb8 (14... Bg4 15. Be2 $11) 15. c4 (15. Nd2 h6 $14) 15...
Qc7 {White has an active position} (15... Ng6 16. g3 $11) 16. Bf5 $14 {Black's
piece can't move: b8} Qa5 17. Bxe6 fxe6 18. Bd2 Qh5 (18... Qxa2 $4 {the pawn
must be left alone, otherwise Black will be punished} 19. Ra1 Qxa1 20. Rxa1 $18
) 19. Qb3 Qf7 20. Bc3 Ng6 21. d5 {White wins space} (21. g3 e5 22. dxe5 Rxd1
23. Qxd1 Nxe5 24. Nxe5 Bxe5 25. Bxe5 fxe5 $14 (25... Rxe5 $143 26. Rxe5 fxe5
27. Qd8+ Qf8 28. Qc7 $16)) 21... e5 (21... cxd5 $5 22. cxd5 e5 $15) 22. dxc6
$11 bxc6 23. Rxd8 Rxd8 24. Ba5 {White threatens to win material: Ba5xd8} (24.
g3 Nf8 $11) 24... Re8 (24... Bc7 25. Bxc7 Qxc7 26. g3 $11) 25. Rd1 (25. Qa4 Rc8
$11) 25... Qe7 (25... e4 26. Nd4 Ne5 27. c5 $11) 26. c5+ Kh8 27. Rc1 (27. Qc2
$142 $5 $11 {is worthy of consideration}) 27... Nf4 28. Kf1 (28. Rc4 e4 29. Ne1
$15) 28... h5 {Black has a cramped position} (28... e4 29. Ne1 $17) 29. Qc4 (
29. g3 $5 {must definitely be considered} Nd5 30. Kg1 $11) 29... e4 $17 30. Re1
Nd3 31. Re2 Qxc5 (31... Nxb2 $5 32. Rxb2 exf3 33. gxf3 Bxh2 $17) 32. Qxc5 $11 {
White forks: h5+c6} Nxc5 {Black has a new backward pawn: c6} 33. Nd2 (33. Nd4
$142 $5 $11 {should be investigated more closely}) 33... f5 $17 ({Instead of} 
33... Bxh2 34. g3 $14) 34. f3 Bf4 35. Ke1 $2 (35. g3 $142 $5 Bxd2 36. Bxd2 $17)
35... Nd3+ 36. Kf1 Nc1 (36... e3 $5 37. Nb3 Bxh2 38. Nd4 $19) 37. Re1 $17 Nd3 {
Black threatens to win material: Nd3xe1. Black forks: b2+e1} 38. Re2 Nxb2 39.
fxe4 Bxd2 (39... Bxh2 $6 40. exf5 Rxe2 41. Kxe2 $15) 40. Bxd2 Rxe4 41. Rxe4 (
41. Rf2 Nc4 42. Bg5 $19) 41... fxe4 $19 42. Ke2 (42. Bc3 Nc4 $19) 42... Nc4 43.
Be3 a6 44. Bd4 Kg8 45. Kd1 Kf7 46. Kc2 g6 47. Kc3 Nd6 48. Kb4 (48. Bb6 Nf5 $19)
48... Nb7 (48... Ke6 {might be the shorter path} 49. Kc5 $19) 49. Kc3 (49. Bf2
Ke6 50. Kc4 c5 $19) 49... Ke6 50. Kd2 (50. h3 {is not much help} Nd6 51. Be3
Nf5 $19) 50... Kd5 (50... Nd6 {keeps an even firmer grip} 51. h3 $19) 51. Ke3 (
51. Bf6 Na5 $19) 51... Nd6 52. Bc3 (52. Bh8 {doesn't get the cat off the tree}
Nf5+ 53. Ke2 e3 $19) 52... Nf5+ 53. Kd2 Kc4 (53... Nh4 {makes it even easier
for Black} 54. Ke2 Nxg2 55. Bf6 $19) 54. Bf6 a5 55. Ke2 a4 56. Kd2 c5 57. Kc2 (
57. Bb2 $19 {is still a small chance}) 57... Ne3+ 58. Kd2 Nxg2 (58... Nd5 $142
{makes it even easier for Black} 59. Bg7 a3 $19) 59. Bc3 (59. Bg5 $19 {praying
for a miracle}) 59... g5 (59... e3+ $142 {seems even better} 60. Kc2 e2 61. Ba5
$19) 60. Bf6 g4 61. Bg5 e3+ $1 {the end of the story} 62. Bxe3 Nxe3 63. Kxe3
Kc3 64. Kf4 Kd3 65. Kg5 c4 66. Kxh5 c3 67. Kxg4 c2 68. h4 c1=Q 69. h5 (69. Kf5
{does not improve anything} Qf1+ 70. Ke5 Qe2+ 71. Kd6 Qxa2 72. Kd7 Qd5+ 73. Ke8
a3 74. Ke7 a2 75. Ke8 a1=Q 76. Ke7 Qg7+ 77. Ke8 Qgf7#) 69... Ke4 70. a3 (70.
Kg3 {hardly improves anything} Qg1+ 71. Kh3 Kf4 72. h6 Qg3#) 70... Qg1+ 71. Kh4
(71. Kh3 {doesn't improve anything} Kf4 72. h6 Qg3#) 71... Kf4 72. Kh3 (72. h6
{cannot change what is in store for White} Qg4#) 72... Qg3# 0-1

[Event "HokkaidoChessCh2023"]
[Site "?"]
[Date "2023.03.25"]
[Round "2.4"]
[White "Takeuchi, Hiroshi"]
[Black "Nishimori, Toshiyuki"]
[Result "1-0"]
[WhiteElo "1418"]
[BlackElo "1585"]
[Annotator "Fritz 11 SE (30s)"]
[PlyCount "53"]
[SourceDate "2023.03.26"]

{A80: Dutch Defence: Unusual White second moves} 1. d4 f5 2. Bf4 e6 3. Nf3 Nf6
4. e3 Bb4+ $146 (4... g6 5. h3 Bg7 6. c4 d6 7. Nc3 O-O 8. Be2 Qe7 9. O-O (9.
Qb3 b6 10. O-O Bb7 11. Rfd1 Nc6 12. Rac1 Kh8 13. Qa3 Ne4 14. Bh2 Nxc3 15. Rxc3
a5 16. Rc2 g5 17. Rcd2 f4 18. c5 Nb4 19. cxd6 cxd6 20. exf4 gxf4 21. Ne1 Rac8
22. Bf3 Bh6 23. Qb3 Ba6 {Piket,J (2590)-Short,N (2655) Monte Carlo 1993 1-0 
(52)}) 9... h6 10. Qc2 Nbd7 11. Bh2 Qf7 12. c5 dxc5 13. dxc5 c6 14. Ne5 Nxe5
15. Bxe5 Nd5 16. Bxg7 Qxg7 17. Rfd1 Kh7 18. e4 fxe4 19. Nxe4 {Lebel,P (2255)
-Hansen,L (2460) Challes 1990 0-1 (45)}) (4... d5 5. Be2 (5. Nbd2 Bd6 6. Ne5
O-O 7. Bd3 Ne4 8. f3 Nxd2 9. Qxd2 c5 10. c3 Nc6 11. Nxc6 bxc6 12. Bxd6 Qxd6 13.
O-O a5 14. Rae1 Bd7 15. Bb1 Rae8 16. Rd1 e5 17. dxe5 Qxe5 18. c4 Be6 19. cxd5
cxd5 {Mirkovic,S (2390)-Petkovic,R (2295) Kladovo 1991 1/2-1/2}) 5... Bd6 6.
Bxd6 Qxd6 7. O-O Nbd7 8. c4 c6 9. Nc3 O-O 10. Qc2 Ne4 11. a3 Rf6 12. b4 Rh6 13.
g3 Ndf6 14. Ne5 Bd7 15. c5 Qe7 16. a4 g5 17. b5 g4 18. Nxe4 Nxe4 19. Rab1 {
Jordan,D (2187)-Poppe,H (2243) Germany 2003 1-0 (32)}) (4... c6 5. Nbd2 d5 6.
Bd3 Bd6 7. Ne5 O-O 8. c3 b6 9. h4 c5 10. Qe2 Qc7 11. Ndf3 Nbd7 12. O-O c4 13.
Bc2 Rb8 14. a4 a6 15. Rfc1 b5 16. axb5 axb5 17. b4 Ng4 18. Nxd7 Bxd7 19. g3 {
Kovacevic,S (2370)-Petkovic,R (2295) Kladovo 1991 1-0 (42)}) 5. c3 {White
threatens to win material: c3xb4} Be7 6. Bd3 O-O 7. h3 {Consolidates g4} d6 {
Secures e5} 8. O-O b6 9. Nbd2 Bb7 10. Re1 Nbd7 $2 (10... Nc6 11. Qb3 d5 12. a4
$14) 11. Bh2 $4 {not a good decision, because now the opponent is right back
in the game} (11. Ng5 $5 Bd5 12. Bc4 Re8 13. Nxe6 Qc8 $18) 11... Qe8 (11... Ne4
$142 $5 $11 {should be examined more closely}) 12. e4 $16 Qg6 $4 {solves
nothing} (12... Nxe4 $142 13. Nxe4 Bxe4 14. Bxe4 fxe4 15. Rxe4 Rf6 $16) 13.
exf5 $18 Bxf3 (13... Qh5 $18 {a last effort to resist the inevitable}) 14. Nxf3
Qh5 15. Rxe6 Rfe8 16. Qc2 Nf8 17. Re2 Kh8 (17... N8d7 {doesn't do any good} 18.
Rae1 Bf8 19. Re6 $18) 18. Rae1 Ng8 (18... Bd8 {is not the saving move} 19. Rxe8
Nxe8 20. Qb3 $18) 19. Bb5 Red8 (19... a6 {the only chance to get some
counterplay} 20. Bxe8 Rxe8 $18) 20. Rxe7 Nxe7 21. Rxe7 c5 (21... Qh6 {does not
save the day} 22. Bg3 Rac8 23. Bh4 $18) 22. Qe4 d5 23. Qe5 Qh6 24. Qe1 (24. g4
Qf6 25. g5 Qxe5 26. Bxe5 Ne6 27. fxe6 Rg8 28. Nh4 cxd4 29. Nf5 h5 30. Nxg7 Raf8
31. Nf5+ Rg7 32. Bxg7+ Kg8 33. Nh6+ Kh7 34. Bd3+ Rf5 35. Bxf5#) 24... cxd4 (
24... a6 {cannot change destiny} 25. Ne5 Qf6 26. Nf7+ Kg8 27. Nxd8 axb5 28. Bc7
$18) 25. Nxd4 (25. Be5 Ne6 26. fxe6 Rg8 27. Bxd4 Rgf8 28. Bxg7+ Qxg7 29. Rxg7
Kxg7 30. Qe5+ Rf6 31. Nd4 Kg6 32. Bd3+ Rf5 33. Bxf5+ Kh5 34. Qf6 Rg8 35. g4+
Rxg4+ 36. hxg4#) 25... Rac8 26. Be5 Qg5 27. Rxg7 (27. Rxg7 Rd7 28. Rxg5+ Rg7
29. Bxg7+ Kg8 30. Bh6+ Kf7 31. Rg7+ Kf6 32. Qe7#) 1-0

[Event "HokkaidoChessCh2023"]
[Site "?"]
[Date "2023.03.25"]
[Round "2.5"]
[White "Matsumoto, Kenshin"]
[Black "Al Jabarat, Thamer"]
[Result "0-1"]
[WhiteElo "1413"]
[BlackElo "1309"]
[Annotator "Fritz 11 SE (30s)"]
[PlyCount "62"]
[SourceDate "2023.03.26"]

{A60: Modern Benoni: Early Divergences} 1. d4 e6 2. c4 c5 3. d5 Nf6 4. Nc3 Bd6
(4... exd5 5. cxd5 g6 6. d6 Qb6 7. Bf4 Qxb2 8. Be5 Ne4 9. Rc1 f6 10. Nxe4 Qxe5
11. Rxc5 Qxe4 12. Rxc8+ Kf7 13. Qb3+ Kg7 14. Rc4 Qd5 15. e4 Qa5+ 16. Kd1 Qb6
17. Qxb6 axb6 18. Rc2 Bxd6 19. Bc4 {Rao,V (2420)-Shabalov,A (2590)
Philadelphia 1993 0-1 (40)}) 5. Nb5 (5. g3 Be5 6. Bd2 O-O 7. Bg2 d6 8. Nf3 Bxc3
9. Bxc3 Ne4 10. Rc1 Nxc3 11. Rxc3 e5 12. O-O a6 13. a3 a5 14. Nd2 f5 15. f4 e4
16. g4 g6 17. Rg3 Nd7 18. gxf5 Nf6 19. fxg6 Bf5 {Lekic,D (2430)-Milovic,J 
(2309) Cetinje 2013 1-0 (38)}) 5... Bc7 6. Nxc7+ Qxc7 7. dxe6 $146 (7. g3 exd5
8. cxd5 d6 9. Bg2 O-O 10. Nf3 b5 11. O-O Bb7 12. Nh4 Re8 13. Bf4 a5 14. Nf5 Ra6
15. Re1 Bc8 16. Qc2 Bxf5 17. Qxf5 Nbd7 18. Qc2 c4 19. h3 Nb6 20. e4 Nfd7 21.
Be3 Raa8 {Gagunashvili,M (2405)-Chikovani,V (2275) Tbilisi 2001 1-0 (37)}) 7...
fxe6 {White has the pair of bishops} 8. Nf3 O-O 9. g3 Nc6 10. a3 {Prevents
intrusion on b4} (10. Bg2 d5 $11) 10... d5 $15 11. cxd5 exd5 12. Bg2 Bg4 13.
O-O {White is behind in development.} Rad8 {White has a cramped position} 14.
Qc2 {White threatens to win material: Qc2xc5} b6 {Black has an active position}
15. Bf4 {White threatens to win material: Bf4xc7} Qd7 16. Rfd1 Bh3 17. Ne5 $2 (
17. Bxh3 $142 {and White hangs on} Qxh3 18. Qa4 $15) 17... Nxe5 $19 18. Bxe5
Bxg2 19. Kxg2 Ne4 {Black threatens to win material: Ne4xf2} (19... Ng4 $142 $5
20. Bf4 g5 $19) 20. f3 $15 {White threatens to win material: f3xe4} Ng5 21. g4
Rde8 22. Bc3 $4 {the position is going down the drain} (22. Bg3 $142 $17) 22...
d4 $19 23. Qb3+ (23. h4 Nxf3 24. exf3 Rxf3 25. Kxf3 Re3+ 26. Kf2 Qxg4 27. Bxd4
cxd4 28. Kf1 Rf3+ 29. Qf2 Qh3+ 30. Kg1 Rxf2 31. Kxf2 Qxh4+ 32. Ke2 Qh2+ 33. Kf3
Qxb2 34. Ke4 $19) 23... Kh8 24. Be1 (24. Qc2 {is one last hope} Qc6 25. Rd3
dxc3 26. Rxc3 $19) 24... Rxe2+ 25. Kg3 Rxf3+ (25... Qd6+ 26. f4 Qxf4+ 27. Kh4
Rxh2+ 28. Qh3 Rxh3#) 26. Qxf3 Nxf3 (26... Qc7+ 27. Qf4 Re3+ 28. Kg2 Qc6+ 29.
Qe4 Qxe4+ 30. Kf2 Nh3+ 31. Kf1 Qh1#) 27. Kxf3 (27. Rd2 {doesn't get the bull
off the ice} Nxd2 28. Bxd2 Rxd2 29. Kh3 Qe6 30. Rh1 Rd3+ 31. Kg2 Qe2+ 32. Kg1
Rd1#) 27... Rxb2 (27... Re3+ 28. Kf2 Qxg4 29. Kf1 Re2 30. Bf2 Qf3 31. Kg1 Qxf2+
32. Kh1 Qxh2#) 28. h3 (28. Rd2 {doesn't change the outcome of the game} Qd5+
29. Kf2 d3 $19) 28... h6 (28... Qd5+ 29. Kg3 Rg2+ 30. Kh4 g5+ 31. Kh5 Qg8 32.
Rxd4 Qg6#) 29. Bg3 d3 (29... Qd5+ 30. Kf4 g5#) 30. Be5 (30. Re1 {cannot undo
what has already been done} Qd5+ 31. Re4 Re2 32. Bf2 Qxe4+ 33. Kg3 Qe5+ 34. Kg2
Qxa1 35. Kg3 Qe5+ 36. Kg2 Qd4 37. g5 Qxf2+ 38. Kh1 Qg2#) 30... Rb3 (30... Qd5+
31. Kf4 Re2 32. Bxg7+ Kxg7 33. Kg3 Qd6+ 34. Kf3 Qf6+ 35. Kg3 Qf2#) 31. Kg2 (31.
Rd2 {what else?} Qd5+ 32. Kf4 $19) 31... Qd5+ (31... Qd5+ 32. Kg1 Qxe5 33. Rab1
Rxa3 34. Rd2 Qe3+ 35. Kg2 Qxd2+ 36. Kf3 Qe2+ 37. Kf4 d2 38. Rb3 d1=Q 39. Rd3
Qdxd3 40. g5 Qde4#) 0-1

[Event "HokkaidoChessCh2023"]
[Site "?"]
[Date "2023.03.25"]
[Round "2.6"]
[White "Kihara, Kotaro"]
[Black "Ito, Katsuhide"]
[Result "1-0"]
[WhiteElo "1351"]
[BlackElo "1233"]
[Annotator "Fritz 11 SE (30s)"]
[PlyCount "89"]
[SourceDate "2023.03.26"]

{D08: Albin Counter Gambit} 1. d4 d5 2. c4 e5 3. dxe5 d4 4. Nf3 Nc6 5. Bg5 {
White threatens to win material: Bg5xd8} Bb4+ $146 (5... f6 6. exf6 gxf6 7. Bf4
Nge7 8. e3 Ng6 9. Bd3 Bb4+ 10. Nbd2 dxe3 11. Bxg6+ hxg6 12. Bxe3 Bf5 13. a3 Be7
14. Qb3 Qd7 15. O-O-O O-O-O 16. Qc3 Qe6 17. Bd4 Rd7 18. Rhe1 Qf7 19. Nb3 Rhd8
20. h3 {Markos,J (2225)-Chetverik,M (2300) Bratislava 1998 0-1}) (5... Be7 6.
h4 (6. Bxe7 Ngxe7 7. g3 (7. Nbd2 Bg4 8. Qb3 O-O 9. O-O-O Na5 10. Qa4 c5 11. h3
Bd7 12. Qa3 b6 13. e3 dxe3 14. Qxe3 Qc7 15. Ne4 Nf5 16. Qg5 Kh8 17. g4 Nd4 18.
Nxd4 cxd4 19. Rxd4 Be6 20. Nd6 f6 21. exf6 Rxf6 {Szaz,F (2178)-Nagy,I (2225)
Hungary 2000 0-1 (34)}) 7... Bg4 8. Bg2 Qd7 9. Nbd2 O-O-O 10. O-O Ng6 11. Qa4
Bh3 12. e6 Bxe6 13. b4 Kb8 14. b5 Nce5 15. Ng5 Bf5 16. Nb3 Qe7 17. Ne4 Nd7 18.
Ned2 Qxe2 19. c5 Bd3 20. Rfe1 Qh5 {Wolrich,C (2161)-Jossien,R (2187) Romans
1999 1-0 (36)}) 6... Bg4 7. Nbd2 h6 8. Bf4 Qd7 9. g3 a5 10. Qa4 Ra6 11. O-O-O
Bb4 12. Nb3 Nge7 13. Nbxd4 O-O 14. a3 Qc8 15. Bg2 Bd7 16. Qc2 Bc5 17. e3 a4 18.
Nxc6 Nxc6 19. Nd4 Na5 20. Be4 {Vescovi,G (2592)-Mekhitarian,K (2425) Sao Paulo
2006 0-1}) (5... Qd7 6. a3 a5 7. h4 h6 8. Bf4 Bc5 9. Nbd2 Qf5 10. g3 Be6 11.
Bh3 Qg6 12. Bxe6 Qxe6 13. Qa4 O-O-O 14. Nb3 Ba7 15. Nxa5 Nxa5 16. Qxa5 Kb8 17.
Qa4 f6 18. h5 fxe5 19. Nxe5 Nf6 20. Qc2 {Arkell,K (2517)-Richmond,P (2253)
Hinckley Island 2009 1-0 (31)}) (5... f6 6. exf6 Nxf6 7. Nbd2 $11) 6. Nbd2 Be7
(6... f6 7. exf6 Nxf6 8. Qc2 $11) 7. Bxe7 (7. h4 Nh6 8. Bxh6 gxh6 $14) 7...
Qxe7 $14 8. a3 {Controls b4} (8. Qb3 Nh6 $14) 8... Bf5 {White's piece can't
move: f1} 9. Nb3 {[%cal Rb3d4,Rd1d4,Rf3d4,Gc6d4] Will d4 fall?. White
threatens to win material: Nb3xd4} O-O-O 10. g3 (10. Qd2 Nh6 11. Qf4 g5 12.
Qxg5 Qxg5 13. Nxg5 Nxe5 $11) 10... Be4 (10... Nxe5 11. Bg2 d3 12. O-O Nxf3+ 13.
Bxf3 dxe2 14. Qxe2 Qxe2 15. Bxe2 $15) 11. Bg2 d3 (11... Nxe5 $5 12. O-O Kb8 $11
) 12. O-O $11 Nxe5 13. Nxe5 Qxe5 14. Bxe4 Qxe4 15. exd3 Rxd3 16. Nc5 {White
threatens to win material: Nc5xe4. White forks: e4+d3} Rxd1 17. Nxe4 Rd4 {
Black threatens to win material: Rd4xe4. Black forks: c4+e4} 18. Ng5 Nh6 (18...
Rxc4 $4 {the pawn is indigestible} 19. Nxf7 Rc2 20. b4 $18) 19. Rac1 Re8 20.
Rfd1 {White threatens to win material: Rd1xd4} ({Worse is} 20. Nxh7 f6 $17)
20... Nf5 (20... Rxd1+ 21. Rxd1 f6 22. Nf3 $11 (22. Nxh7 $143 Rh8 $17)) 21.
Rxd4 (21. Nxf7 $5 {is noteworthy} Re2 22. b4 $14) 21... Nxd4 $11 22. Rd1 c5 23.
Nxf7 ({Less advisable is} 23. Nxh7 f6 $17) 23... Rf8 (23... Re7 $142 $5 {
is interesting} 24. Ng5 h6 $11) 24. Nd6+ Kc7 25. Nb5+ (25. Ne4 $5 b6 26. Kg2
$16) 25... Nxb5 $11 26. cxb5 a6 (26... Rf3 $5 $11 {is an interesting
alternative}) 27. bxa6 bxa6 28. Kf1 Rb8 {Black threatens to win material:
Rb8xb2} 29. Rd2 c4 {White has a new backward pawn: b2} 30. Rc2 {White
threatens to win material: Rc2xc4} Kd6 31. Ke2 Kd5 32. Kd2 (32. Rd2+ Kc6 $16)
32... Rb3 {Here comes the goal-getter} 33. Kc1 Kd4 34. Rd2+ Kc5 35. Rd7 Rd3 $4
{cause more grief} (35... c3 $142 36. bxc3 Rxc3+ 37. Kd1 h6 $14) 36. Rxg7 (36.
b4+ Kb5 37. Rxd3 cxd3 $18) 36... c3 (36... Rf3 37. Rxh7 Rxf2 $18) 37. Rc7+ Kd4
(37... Kb6 {there is nothing else anyway} 38. Rxc3 Rd7 $18) 38. bxc3+ (38. Rxc3
$142 {seems even better} Rxc3+ 39. bxc3+ Kd5 $18) 38... Rxc3+ (38... Ke5 {
the last chance for counterplay} 39. f4+ Ke4 $18) 39. Rxc3 Kxc3 40. f4 Kd4 41.
Kd2 Ke4 42. Kc3 Kd5 43. Kb4 Kc6 44. Ka5 Kb7 45. f5 1-0

[Event "HokkaidoChessCh2023"]
[Site "?"]
[Date "2023.03.25"]
[Round "3.1"]
[White "Sugimoto, Koichi"]
[Black "Kanda, Daigo"]
[Result "1-0"]
[WhiteElo "1959"]
[BlackElo "1705"]
[Annotator "Fritz 11 SE (30s)"]
[PlyCount "31"]
[SourceDate "2023.03.26"]

{E14: Queen's Indian: Classical Variation (4 e3)} 1. d4 Nf6 2. c4 e6 3. Nf3 b6
4. e3 Bb7 5. Bd3 d5 6. cxd5 exd5 7. O-O Be7 8. Nc3 O-O 9. b3 Ba6 (9... a6 10.
Bb2 Bd6 11. a3 Nbd7 12. b4 Ne4 13. Qb3 Ndf6 14. a4 c6 15. a5 b5 16. Rad1 Qe7
17. Na2 Bc7 18. Nc1 Bd6 19. Ba3 Bc8 20. Be2 Bg4 21. Qb2 Rfc8 22. Nd3 Bb8 23.
Qc2 Nd6 24. Rfe1 {Rozentalis,E (2586)-Aronian,L (2518) Las Vegas 1999 0-1 (60)}
) 10. Bb2 (10. Bxa6 Nxa6 11. Ne5 Ne4 12. Nxe4 dxe4 13. Nc6 Qe8 14. Nxe7+ Qxe7
15. Qe2 Nb4 16. Ba3 a5 17. Rac1 Rfd8 18. Rc4 Rd5 19. Rfc1 Ra7 20. Qg4 g6 21. g3
f5 22. Qe2 c5 23. dxc5 bxc5 24. Bxb4 axb4 {Franco Ocampos,Z (2510)-Dorin,M 
(2389) Asuncion 2002 1/2-1/2}) 10... Qc8 11. Rc1 Bxd3 $146 (11... Qb7 12. Ne5
Rd8 13. Bxa6 Nxa6 14. Qf3 Bf8 15. Ne2 c5 16. Ng3 Ne4 17. Qg4 g6 18. dxc5 bxc5
19. Nxe4 dxe4 20. Rcd1 Bg7 {1/2-1/2 (20) Doettling,F (2420)-Heidenfeld,M (2315)
Germany 1999}) 12. Qxd3 Qa6 (12... Nbd7 13. Ne5 $16) 13. Qxa6 $16 Nxa6 14. Ne5
Rfc8 15. Nc6 Bf8 16. Nb5 1-0